[Event "Titled Tuesday 13th Apr"]
[Site "chess.com INT"]
[Date "2021.04.13"]
[Round "7"]
[White "Li, Hui"]
[Black "Zaichenko, D."]
[Result "1/2-1/2"]
[WhiteElo "1985"]
[BlackElo "2104"]
[PlyCount "29"]
[EventDate "2021.04.13"]

1. e4 c5 2. Nf3 d6 3. d4 cxd4 4. Nxd4 Nf6 5. Nc3 Nc6 6. Be2 e5 7. Nb3 Be7 8.
O-O O-O 9. Be3 a5 10. Nd2 Be6 11. Nc4 Ra6 12. Na3 Ra8 13. Nc4 Ra6 14. Na3 Ra8
15. Nc4 1/2-1/2

[Event "Titled Tuesday 13th Apr"]
[Site "chess.com INT"]
[Date "2021.04.13"]
[Round "6"]
[White "Krysa, L."]
[Black "Turzo, A."]
[Result "1-0"]
[WhiteElo "2527"]
[BlackElo "2312"]
[PlyCount "255"]
[EventDate "2021.04.13"]

1. e4 c5 2. Nf3 Nc6 3. d4 cxd4 4. Nxd4 Nf6 5. Nc3 d6 6. Be2 e5 7. Nf3 Be7 8.
Bg5 O-O 9. O-O Be6 10. Bxf6 Bxf6 11. Nd5 Rc8 12. c3 Bg5 13. Bc4 Kh8 14. Qe2 g6
15. Rad1 Bh6 16. Bb3 f5 17. exf5 gxf5 18. Rfe1 e4 19. Nd4 Nxd4 20. Rxd4 Bg7 21.
Rdd1 Be5 22. f4 exf3 23. Qxf3 Bxd5 24. Bxd5 Qb6+ 25. Qf2 Bxh2+ 26. Kf1 Qa6+ 27.
c4 Be5 28. b3 f4 29. Rd3 b5 30. Rh3 bxc4 31. bxc4 Rc7 32. Kg1 Rg7 33. Kh1 Qb6
34. Qxb6 axb6 35. Rb1 Bd4 36. Rh6 Rg6 37. Rh3 Kg7 38. Be4 Rh6 39. Rd1 Rxh3+ 40.
gxh3 Bc5 41. Kg2 Rf7 42. Kf3 Ra7 43. Rd2 Ra3+ 44. Kg4 Kf6 45. Rd5 Rg3+ 46. Kxf4
Rxh3 47. Rf5+ Ke7 48. Bd5 Rh4+ 49. Kg5 Rh2 50. Rf7+ Kd8 51. Ra7 h5 52. Kf6 Rf2+
53. Ke6 Re2+ 54. Kf5 Bd4 55. Kg6 h4 56. Rh7 Bf2 57. Kf5 Re5+ 58. Kf4 Bg3+ 59.
Kf3 Rf5+ 60. Kg4 Rf4+ 61. Kh3 Rd4 62. Be6 Rd2 63. Rd7+ Ke8 64. Rh7 Rxa2 65. c5
Rb2 66. c6 Rc2 67. c7 d5 68. c8=Q+ Rxc8 69. Bxc8 Kd8 70. Bf5 b5 71. Bd3 b4 72.
Rb7 Be1 73. Rb5 d4 74. Rd5+ Kc7 75. Rxd4 Kc6 76. Bc2 Kc5 77. Re4 Bc3 78. Bb3
Kb5 79. Kxh4 Kc5 80. Kg4 Kc6 81. Kf3 Kc5 82. Ke2 Kb5 83. Kd3 Kc5 84. Rg4 Kb5
85. Rg5+ Kc6 86. Kc4 Kd6 87. Rd5+ Ke6 88. Ba4 Kf6 89. Kd3 Ke6 90. Ke4 Kf6 91.
Bb3 Ke6 92. Rd3+ Kf6 93. Rf3+ Ke7 94. Rf7+ Kd6 95. Rf5 Kc6 96. Rd5 Kc7 97. Kd3
Kc6 98. Kc4 Kb6 99. Ba4 Kc7 100. Rd7+ Kb6 101. Bb5 Be1 102. Rd6+ Kc7 103. Rc6+
Kb7 104. Re6 Kc7 105. Rxe1 Kb6 106. Rb1 Ka5 107. Ba4 b3 108. Bxb3 Ka6 109. Rb2
Ka5 110. Rd2 Kb6 111. Rd3 Kc6 112. Kc3 Kc5 113. Bc4 Kb6 114. Re3 Kc6 115. Re5
Kd6 116. Kd4 Kc6 117. Bf1 Kd6 118. Rf5 Kc6 119. Rg5 Kd6 120. Rg6+ Ke7 121. Ke5
Kf7 122. Ra6 Ke7 123. Ra7+ Kd8 124. Kd6 Ke8 125. Rb7 Kf8 126. Ke6 Kg8 127. Kf6
Kh8 128. Kg6 1-0

[Event "Titled Tuesday 13th Apr"]
[Site "chess.com INT"]
[Date "2021.04.13"]
[Round "6"]
[White "Przybylski, W."]
[Black "Dobrowolski, P."]
[Result "0-1"]
[WhiteElo "2321"]
[BlackElo "2413"]
[PlyCount "98"]
[EventDate "2021.04.13"]

1. e4 c5 2. Nc3 d6 3. Nf3 Nc6 4. d4 cxd4 5. Nxd4 Nf6 6. Be2 e5 7. Nb3 Be7 8.
O-O O-O 9. Be3 a5 10. a4 Nb4 11. Nd5 Nfxd5 12. exd5 Bf5 13. Rc1 Bg5 14. f4 exf4
15. Bxf4 Bxf4 16. Rxf4 Qg5 17. Rf3 Be4 18. Rg3 Qxd5 19. Nd4 Nc6 20. Nb5 Qc5+
21. Kh1 d5 22. c3 Rad8 23. Qd2 Rfe8 24. Rf1 Bg6 25. Bf3 Ne5 26. Be2 Nc6 27. Nd4
Nxd4 28. cxd4 Qb4 29. Qxb4 axb4 30. Bb5 Re4 31. Rd1 Rc8 32. h3 Rf4 33. Rb3 Bc2
34. Rc1 Bf5 35. Rxc8+ Bxc8 36. Rxb4 g6 37. a5 Rf2 38. Ba4 Kg7 39. b3 Rd2 40.
Kg1 h5 41. Kf1 h4 42. Kg1 g5 43. Bb5 Kf6 44. Bf1 Kg7 45. Ra4 Rb2 46. Rb4 Rd2
47. Ra4 f5 48. Rb4 g4 49. a6 bxa6 0-1

[Event "Chelyabinskiy Variant GpA"]
[Site "Chelyabinsk RUS"]
[Date "2021.03.26"]
[Round "4.21"]
[White "Maltsevskaya, Aleksandra"]
[Black "Demchenko, A."]
[Result "0-1"]
[WhiteElo "2327"]
[BlackElo "2610"]
[PlyCount "84"]
[EventDate "2021.03.23"]
[EventType "swiss"]
[EventRounds "10"]
[EventCountry "RUS"]
[SourceTitle "The Week in Chess 1377"]
[Source "Mark Crowther"]
[SourceDate "2021.03.29"]
[SourceVersion "1"]
[SourceVersionDate "2021.03.29"]
[SourceQuality "2"]

1. e4 c5 2. Nf3 Nc6 3. d4 cxd4 4. Nxd4 Nf6 5. Nc3 d6 6. Be2 e5 7. Nxc6 bxc6 8.
O-O Be7 9. Bf3 O-O 10. b3 Be6 11. Re1 Qc7 12. Bb2 Nd7 13. Ne2 Nc5 14. Ng3 g6
15. Qd2 Rfd8 16. Rad1 a5 17. Qh6 Bf8 18. Qe3 a4 19. Rd2 f6 20. Red1 Bf7 21. Ne2
h5 22. h4 axb3 23. axb3 Kh7 24. g4 Bh6 25. g5 fxg5 26. hxg5 Bg7 27. Bg2 Qe7 28.
Bc1 Ne6 29. Rd3 Ra2 30. c4 Rc2 31. R3d2 Rxd2 32. Bxd2 Rb8 33. Ra1 c5 34. Ra3
Be8 35. Ra6 Bf7 36. Ra3 Rf8 37. Ra6 Bg8 38. Qd3 Rd8 39. Qe3 Qb7 40. Ra3 Rf8 41.
Ra5 Nf4 42. Nxf4 exf4 0-1

[Event "Titled Tuesday 23rd Mar"]
[Site "chess.com INT"]
[Date "2021.03.23"]
[Round "11"]
[White "Li, Hui"]
[Black "Soumya, Sw"]
[Result "1/2-1/2"]
[WhiteElo "1985"]
[BlackElo "2351"]
[PlyCount "30"]
[EventDate "2021.03.23"]
[EventType "swiss (blitz)"]
[EventRounds "11"]
[SourceTitle "The Week in Chess 1377"]
[Source "Mark Crowther"]
[SourceDate "2021.03.29"]
[SourceVersion "1"]
[SourceVersionDate "2021.03.29"]
[SourceQuality "2"]

1. e4 c5 2. Nf3 Nc6 3. d4 cxd4 4. Nxd4 Nf6 5. Nc3 d6 6. Be2 e5 7. Nb3 Be7 8.
O-O a5 9. Be3 a4 10. Nd2 Be6 11. Nc4 Ra6 12. Nd2 Ra5 13. Nc4 Ra6 14. Nd2 Ra5
15. Nc4 Ra6 1/2-1/2

[Event "Titled Tuesday 23rd Mar"]
[Site "chess.com INT"]
[Date "2021.03.23"]
[Round "8"]
[White "Mekanova, Annagozel"]
[Black "Kanyamarala, Trisha"]
[Result "0-1"]
[WhiteElo "1828"]
[BlackElo "2180"]
[PlyCount "66"]
[EventDate "2021.03.23"]
[EventType "swiss (blitz)"]
[EventRounds "11"]
[SourceTitle "The Week in Chess 1377"]
[Source "Mark Crowther"]
[SourceDate "2021.03.29"]
[SourceVersion "1"]
[SourceVersionDate "2021.03.29"]
[SourceQuality "2"]

1. e4 c5 2. Nf3 d6 3. d4 cxd4 4. Nxd4 Nf6 5. Nc3 Nc6 6. Be2 e5 7. Nb3 Be6 8.
O-O h6 9. Be3 Be7 10. f3 O-O 11. Nd5 Rc8 12. Nxe7+ Qxe7 13. c4 Rfd8 14. a3 Nd7
15. Rc1 Nc5 16. Na1 f5 17. b4 Nd7 18. Nb3 a6 19. Qd3 fxe4 20. fxe4 Nf6 21. h3
Qe8 22. Rfd1 Qg6 23. Kh2 Qxe4 24. Qxe4 Nxe4 25. Bf3 Nf6 26. Bd5 Bxd5 27. cxd5
Ne7 28. Bb6 Re8 29. Na5 Nexd5 30. Nxb7 Rxc1 31. Rxc1 Nxb6 32. Nxd6 Rd8 33. Nf5
Rd3 0-1

[Event "Titled Tuesday 23rd Mar"]
[Site "chess.com INT"]
[Date "2021.03.23"]
[Round "2"]
[White "Migot, T."]
[Black "Alekseenko, K."]
[Result "0-1"]
[WhiteElo "2353"]
[BlackElo "2696"]
[PlyCount "110"]
[EventDate "2021.03.23"]
[EventType "swiss (blitz)"]
[EventRounds "11"]
[SourceTitle "The Week in Chess 1377"]
[Source "Mark Crowther"]
[SourceDate "2021.03.29"]
[SourceVersion "1"]
[SourceVersionDate "2021.03.29"]
[SourceQuality "2"]

1. e4 c5 2. Nf3 Nc6 3. Nc3 d6 4. d4 cxd4 5. Nxd4 Nf6 6. Be2 e5 7. Nf3 h6 8. O-O
Be7 9. b3 O-O 10. Bb2 Be6 11. Re1 Nb8 12. Bf1 Nbd7 13. Nd5 Nxd5 14. exd5 Bf5
15. c4 a5 16. Bd3 Bxd3 17. Qxd3 f5 18. Nd2 Bf6 19. Rac1 e4 20. Bxf6 Qxf6 21.
Qc3 Ne5 22. Rc2 a4 23. f4 Nd3 24. Rf1 axb3 25. Qxf6 Rxf6 26. axb3 Ra3 27. g3 e3
28. Nf3 Rxb3 29. Re2 Nc5 30. Rc1 Rf8 31. Nd4 Rd3 32. Nb5 Ne4 33. Rce1 Rc8 34.
Rxe3 Rxe3 35. Rxe3 Rxc4 36. Kg2 Rb4 37. Nc7 Rb2+ 38. Kg1 Kf7 39. Ne6 g6 40. g4
Rb5 41. gxf5 gxf5 42. Rh3 Kg6 43. Nf8+ Kg7 44. Ne6+ Kh7 45. Nf8+ Kg8 46. Ne6
Rxd5 47. Rxh6 b5 48. Nc7 Rd1+ 49. Kg2 b4 50. Re6 b3 51. Re8+ Kf7 52. Rb8 Rd2+
53. Kf3 Rxh2 54. Ke3 b2 55. Nd5 Ke6 0-1

[Event "Titled Tuesday 23rd Mar"]
[Site "chess.com INT"]
[Date "2021.03.23"]
[Round "1"]
[White "Souza dos Santos, Matheus Garcett"]
[Black "Peralta, E."]
[Result "0-1"]
[WhiteElo "1977"]
[BlackElo "2218"]
[PlyCount "78"]
[EventDate "2021.03.23"]
[EventType "swiss (blitz)"]
[EventRounds "11"]
[SourceTitle "The Week in Chess 1377"]
[Source "Mark Crowther"]
[SourceDate "2021.03.29"]
[SourceVersion "1"]
[SourceVersionDate "2021.03.29"]
[SourceQuality "2"]

1. e4 c5 2. Nf3 Nc6 3. d4 cxd4 4. Nxd4 Nf6 5. Nc3 d6 6. Be2 e5 7. Ndb5 a6 8.
Na3 b5 9. Nd5 Be7 10. O-O O-O 11. f3 Nxd5 12. Qxd5 Qb6+ 13. Kh1 Be6 14. Qd1
Rad8 15. c3 d5 16. exd5 Bxd5 17. Qe1 Bxa3 18. bxa3 Na5 19. Bg5 f6 20. Bh4 Bc4
21. Bf2 Qd6 22. a4 bxa4 23. Rd1 Qc6 24. Bxc4+ Nxc4 25. Qe2 a3 26. Rd3 Rb8 27.
Qe4 Qxe4 28. fxe4 Rb2 29. Bc5 Rc8 30. Bb4 a5 31. Be7 Rxa2 32. h3 Re2 33. Rfd1
Kf7 34. Rd7 Kg6 35. Bf8 Rxf8 36. Rc7 Ne3 37. Rdd7 Rg8 38. g3 a2 39. g4 a1=Q+
0-1

[Event "1st FIDE World Uni RapidF"]
[Site "Tornelo INT"]
[Date "2021.03.20"]
[Round "4.13"]
[White "Sydoryak, Vira"]
[Black "La Villa Rivas, Marlon Javier"]
[Result "0-1"]
[WhiteElo "1791"]
[BlackElo "2252"]
[PlyCount "56"]
[EventDate "2021.03.20"]
[EventType "swiss (rapid)"]
[EventRounds "12"]
[SourceTitle "The Week in Chess 1376"]
[Source "Mark Crowther"]
[SourceDate "2021.03.22"]
[SourceVersion "1"]
[SourceVersionDate "2021.03.22"]
[SourceQuality "2"]

1. e4 c5 2. Nf3 Nc6 3. d4 cxd4 4. Nxd4 Nf6 5. Nc3 d6 6. Be2 e5 7. Nb3 Be6 8.
Bg5 Be7 9. Qd2 O-O 10. O-O-O a5 11. Kb1 a4 12. Nc1 Nd4 13. f4 a3 14. b3 Rc8 15.
f5 Bd7 16. Bd3 h6 17. Bxf6 Bxf6 18. Nd5 Bg5 19. Qf2 Bb5 20. Ne2 Bxd3 21. Nxd4
Bxe4 22. h4 exd4 23. Qxd4 Bxc2+ 24. Ka1 Bxd1 25. Rxd1 Bc1 26. Qe4 Re8 27. Qg4
Bb2+ 28. Kb1 Rc5 0-1

[Event "ch-Urals Men 2021"]
[Site "Khanty-Mansiysk RUS"]
[Date "2021.03.14"]
[Round "4.3"]
[White "Kopylov, Al2"]
[Black "Gutenev, A."]
[Result "1/2-1/2"]
[WhiteElo "2427"]
[BlackElo "2451"]
[PlyCount "87"]
[EventDate "2021.03.11"]
[EventType "swiss"]
[EventRounds "9"]
[EventCountry "RUS"]
[SourceTitle "The Week in Chess 1376"]
[Source "Mark Crowther"]
[SourceDate "2021.03.22"]
[SourceVersion "1"]
[SourceVersionDate "2021.03.22"]
[SourceQuality "2"]

1. e4 c5 2. Nf3 Nc6 3. d4 cxd4 4. Nxd4 Nf6 5. Nc3 d6 6. Be2 e5 7. Nf3 h6 8. O-O
Be7 9. h3 O-O 10. Re1 Be6 11. Bf1 Qd7 12. b3 Bd8 13. Bb2 Rc8 14. a3 a6 15. Qd2
Bb6 16. Nd5 Bxd5 17. exd5 Ne7 18. c4 Ng6 19. b4 Rfe8 20. c5 dxc5 21. Nxe5 Nxe5
22. Bxe5 Qxd5 23. Qxd5 Nxd5 24. Rad1 Nf6 25. Bxf6 Rxe1 26. Rxe1 gxf6 27. Re7 c4
28. Rxb7 Bd4 29. Rd7 Bb2 30. Rd2 Bxa3 31. Rc2 Bxb4 32. Rxc4 Rxc4 33. Bxc4 a5
34. Bb3 Kf8 35. Kf1 Ke7 36. Ke2 f5 37. Kd3 f6 38. Ke3 Bc5+ 39. Kf4 Bxf2 40.
Kxf5 h5 41. g4 hxg4 42. hxg4 Bh4 43. Ke4 Kd6 44. Kd4 1/2-1/2

[Event "Cappelle Online Bullet"]
[Site "Europe-Echecs INT"]
[Date "2021.03.05"]
[Round "14"]
[White "Afraoui, Anaelle"]
[Black "Eden, J."]
[Result "0-1"]
[WhiteElo "2106"]
[BlackElo "2294"]
[PlyCount "134"]
[EventDate "2021.03.05"]
[EventType "swiss (blitz)"]
[EventRounds "15"]
[SourceTitle "The Week in Chess 1374"]
[Source "Mark Crowther"]
[SourceDate "2021.03.08"]
[SourceVersion "2"]
[SourceVersionDate "2021.03.09"]
[SourceQuality "2"]

1. e4 c5 2. Nf3 d6 3. d4 cxd4 4. Nxd4 Nf6 5. Nc3 Nc6 6. Be2 e5 7. Nf3 Be7 8.
Bg5 Be6 9. Bxf6 Bxf6 10. O-O O-O 11. Qd2 Rc8 12. Rad1 a6 13. Rfe1 Be7 14. h3 b5
15. a3 Na5 16. Nd5 Nc4 17. Bxc4 Rxc4 18. Qe2 Bxd5 19. Rxd5 Qc7 20. c3 Rc8 21.
Red1 Rc5 22. Rxc5 dxc5 23. Nd2 b4 24. Nf1 bxa3 25. bxa3 c4 26. Qd2 Bxa3 27. Qd7
Qxd7 28. Rxd7 Bc5 29. Rd5 a5 30. Rxe5 a4 31. Rd5 a3 32. Rd1 Ra8 33. Ra1 Be7 34.
Ra2 Bf6 35. Ne3 Bxc3 36. Nd5 Bb2 37. Kf1 c3 38. Ne3 Rd8 39. Nc2 Rd2 40. Nxa3 h5
41. Nc4 c2 42. Ra8+ Kh7 43. Nxd2 c1=Q+ 44. Ke2 Bc3 45. Rd8 Bxd2 46. Rxd2 Qc4+
47. Ke3 Qc3+ 48. Ke2 Qe5 49. f3 Qh2 50. Kf1 Qg3 51. Re2 Qf4 52. Re1 Kg6 53. Kg1
Kg5 54. Rf1 Kh4 55. Kh1 Kg3 56. Rg1 Qd2 57. e5 Qe2 58. f4 Kxf4 59. Kh2 Qxe5 60.
Rf1+ Kg5+ 61. g3 Qe2+ 62. Kg1 Qxf1+ 63. Kxf1 h4 64. Kf2 hxg3+ 65. Kg2 Kh5 66.
h4 Kxh4 67. Kf3 Kh3 0-1

[Event "World Corporate Final"]
[Site "chess.com INT"]
[Date "2021.02.21"]
[Round "3"]
[White "Homiakova, El"]
[Black "Komiagina, M."]
[Result "0-1"]
[WhiteElo "2113"]
[BlackElo "2241"]
[PlyCount "114"]
[EventDate "2021.02.21"]
[EventType "team-k.o. (rapid)"]
[EventRounds "3"]
[SourceTitle "The Week in Chess 1372"]
[Source "Mark Crowther"]
[SourceDate "2021.02.22"]
[SourceVersion "1"]
[SourceVersionDate "2021.02.22"]
[SourceQuality "2"]
[WhiteTeam "Sberbank Trade Union"]
[BlackTeam "SBER"]

1. e4 c5 2. Nf3 Nc6 3. d4 cxd4 4. Nxd4 Nf6 5. Nc3 d6 6. Be2 e5 7. Nf3 Be7 8.
O-O h6 9. h3 O-O 10. Re1 Be6 11. Bf1 Nb8 12. Nd5 Nxd5 13. exd5 Bf5 14. c4 Nd7
15. Be3 a5 16. b3 Bg6 17. Nh2 f5 18. f4 Bf6 19. Rc1 Re8 20. Be2 exf4 21. Bxf4
Be5 22. Qd2 Nc5 23. Bxe5 dxe5 24. Bd3 Qd6 25. Bc2 e4 26. Qd4 Ne6 27. Qf2 Ng5
28. Rcd1 b6 29. h4 Nf7 30. h5 Bxh5 31. Qxf5 Bxd1 32. Rxd1 Ng5 33. Re1 Qg3 34.
Qf1 Nf3+ 35. Nxf3 exf3 36. Be4 fxg2 37. Qf2 Qg4 38. Qxg2 Qxg2+ 39. Kxg2 Rad8
40. Kf3 Kf7 41. Rg1 g5 42. Rh1 Kg7 43. Bf5 Re5 44. Be6 Rf8+ 45. Kg4 Rf4+ 46.
Kg3 Re3+ 47. Kg2 Rd4 48. Rf1 Rd2+ 49. Kg1 Rg3+ 50. Kh1 Re3 51. Kg1 h5 52. Rf7+
Kg6 53. Rf1 g4 54. Bf7+ Kg5 55. Be6 Kh4 56. Bf7 Rg3+ 57. Kh1 Kh3 0-1

[Event "World Corporate Final"]
[Site "chess.com INT"]
[Date "2021.02.21"]
[Round "1"]
[White "Homiakova, El"]
[Black "Chlost, M."]
[Result "1-0"]
[WhiteElo "2113"]
[BlackElo "2160"]
[PlyCount "165"]
[EventDate "2021.02.21"]
[EventType "team-k.o. (rapid)"]
[EventRounds "3"]
[SourceTitle "The Week in Chess 1372"]
[Source "Mark Crowther"]
[SourceDate "2021.02.22"]
[SourceVersion "1"]
[SourceVersionDate "2021.02.22"]
[SourceQuality "2"]
[WhiteTeam "Sberbank Trade Union"]
[BlackTeam "Emphie Solutions"]

1. e4 c5 2. Nf3 d6 3. d4 cxd4 4. Nxd4 Nf6 5. Nc3 Nc6 6. Be2 e5 7. Nf3 h6 8. O-O
Be7 9. h3 O-O 10. Re1 Be6 11. Bf1 Nb8 12. Nd5 Nxd5 13. exd5 Bf5 14. c4 a5 15.
b3 Nd7 16. Be3 Qc7 17. Qd2 Nc5 18. Rac1 Bg6 19. Nh2 f5 20. f4 e4 21. Be2 Bf6
22. Nf1 Rfe8 23. Ng3 Re7 24. Red1 b6 25. Nh5 Bxh5 26. Bxh5 Nd3 27. Rb1 Kh7 28.
Be2 Nc5 29. Rdc1 Rg8 30. a3 a4 31. bxa4 Nxa4 32. Rb4 Nc5 33. Rcb1 Nd7 34. Bxb6
Nxb6 35. Rxb6 Qc5+ 36. Kh1 Qxa3 37. R6b5 Ra7 38. Bh5 Qc3 39. Qxc3 Bxc3 40. c5
dxc5 41. Rxc5 Bd2 42. g3 Rd8 43. Rd1 Bb4 44. Rc6 Rad7 45. Bg6+ Kg8 46. Bxf5 Rd6
47. Rxd6 Rxd6 48. Bxe4 Kf7 49. Kg2 Kf6 50. Kf3 Bc3 51. Rc1 Bb4 52. g4 g6 53.
Rc8 Ra6 54. Rc6+ Rxc6 55. dxc6 Bd6 56. h4 g5 57. fxg5+ hxg5 58. h5 Kg7 59. Ke3
Kf6 60. Kd4 Kg7 61. Kd5 Bf4 62. Ke6 Bg3 63. Kd7 Kh6 64. c7 Bxc7 65. Kxc7 Kg7
66. Kd6 Kh6 67. Bf5 Kg7 68. Ke6 Kh6 69. Bd3 Kg7 70. Bc4 Kh6 71. Kf5 Kg7 72.
Kxg5 Kh7 73. h6 Kh8 74. Kf6 Kh7 75. g5 Kh8 76. Bd3 Kg8 77. Kg6 Kh8 78. Kf6 Kg8
79. g6 Kh8 80. Bf1 Kg8 81. g7 Kh7 82. Kf7 Kxh6 83. g8=Q 1-0

[Event "TCh-GER Online Liga 1 GpD"]
[Site "PlayChess INT"]
[Date "2021.02.10"]
[Round "3.1"]
[White "Zwanzger, J."]
[Black "Engel, Luis"]
[Result "0-1"]
[WhiteElo "2263"]
[BlackElo "2553"]
[PlyCount "42"]
[EventDate "2021.01.21"]
[EventType "team"]
[EventRounds "7"]
[SourceTitle "The Week in Chess 1371"]
[Source "Mark Crowther"]
[SourceDate "2021.02.15"]
[SourceVersion "2"]
[SourceVersionDate "2021.02.15"]
[SourceQuality "2"]
[WhiteTeam "Bayern Muenchen I"]
[BlackTeam "Hamburger SK I"]

1. e4 c5 2. Nf3 d6 3. d4 cxd4 4. Nxd4 Nf6 5. Nc3 Nc6 6. Be2 e5 7. Nb3 Be7 8. f4
O-O 9. f5 a5 10. Be3 a4 11. Nd2 a3 12. b3 Qa5 13. Nd5 Nxe4 14. Nxe7+ Nxe7 15.
b4 Qxb4 16. Rb1 Qa4 17. f6 Nxf6 18. O-O Nfd5 19. Bg5 Qd4+ 20. Kh1 f6 21. c3 Qa4
0-1

[Event "Caissa Guatemala Online"]
[Site "chess.com INT"]
[Date "2021.01.23"]
[Round "2"]
[White "Mencos, C."]
[Black "Lubbe, Melanie"]
[Result "0-1"]
[WhiteElo "1977"]
[BlackElo "2274"]
[PlyCount "110"]
[EventDate "2021.01.23"]
[EventType "swiss (blitz)"]
[EventRounds "7"]
[SourceTitle "The Week in Chess 1368"]
[Source "Mark Crowther"]
[SourceDate "2021.01.25"]
[SourceVersion "2"]
[SourceVersionDate "2021.01.26"]
[SourceQuality "2"]

1. e4 c5 2. Nf3 d6 3. d4 cxd4 4. Nxd4 Nf6 5. Nc3 Nc6 6. Be2 e5 7. Nb3 Be7 8.
O-O O-O 9. f4 a5 10. a4 Be6 11. Kh1 exf4 12. Bxf4 d5 13. e5 Ne4 14. Nb5 Qb6 15.
Qe1 Rac8 16. c3 Rfd8 17. Bd3 Rd7 18. N3d4 Bc5 19. Nxe6 Nf2+ 20. Rxf2 Bxf2 21.
Bxh7+ Kxh7 22. Ng5+ Kg8 23. Qb1 Ne7 24. Qh7+ Kf8 25. Qh8+ Ng8 26. Nh7+ Ke7 27.
Qxg7 Qg6 28. Bg5+ Ke6 29. Nf8+ Rxf8 30. Qxf8 Qxg5 31. Qe8+ Ne7 32. Nd6 Qg8 33.
Rf1 Qxe8 34. Nxe8 Bc5 35. Ng7+ Kxe5 36. Rxf7 Rd8 37. g3 d4 38. cxd4+ Rxd4 39.
Nh5 Rd1+ 40. Kg2 Rd2+ 41. Kh3 Rxb2 42. Nf4 Ke4 43. Ne6 Bb4 44. Ng5+ Kd5 45. Nh7
Kc4 46. Ng5 Kb3 47. Nf3 Kxa4 48. Ne5 Rd2 49. g4 Kb3 50. g5 Re2 51. Nf3 Re3 52.
Kg4 a4 53. h4 a3 54. h5 a2 55. Nd4+ Kc3 0-1

[Event "Titled Tuesday 19th Jan"]
[Site "chess.com INT"]
[Date "2021.01.19"]
[Round "9"]
[White "Orantes Taboada, Francisco"]
[Black "Baches Garcia, G."]
[Result "0-1"]
[WhiteElo "2286"]
[BlackElo "2329"]
[PlyCount "126"]
[EventDate "2021.01.19"]
[EventType "swiss (blitz)"]
[EventRounds "11"]
[SourceTitle "The Week in Chess 1368"]
[Source "Mark Crowther"]
[SourceDate "2021.01.25"]
[SourceVersion "2"]
[SourceVersionDate "2021.01.26"]
[SourceQuality "2"]

1. e4 c5 2. Nf3 d6 3. d4 cxd4 4. Nxd4 Nf6 5. Nc3 Nc6 6. Be2 e5 7. Nf3 Be7 8. h3
O-O 9. g4 Be6 10. Be3 d5 11. exd5 Nxd5 12. Nxd5 Bxd5 13. O-O e4 14. Nd4 Bf6 15.
c3 g6 16. Nxc6 bxc6 17. Bd4 Bxd4 18. Qxd4 Qh4 19. Kh2 f5 20. c4 fxg4 21. Bxg4
Bf7 22. Qxe4 Rae8 23. Qg2 Bxc4 24. Rfc1 Rxf2 25. Rxc4 Rxg2+ 26. Kxg2 Qf6 27.
Rf1 Qxb2+ 28. Rf2 Qe5 29. Rcf4 c5 30. Be2 Qxe2 31. Rxe2 Rxe2+ 32. Kf3 Rxa2 33.
Rc4 Ra3+ 34. Ke4 Rxh3 35. Rxc5 Ra3 36. Rc7 a5 37. Ke5 a4 38. Ra7 Ra1 39. Kf6
Rf1+ 40. Kg5 Rf5+ 41. Kg4 h5+ 42. Kh4 Rb5 43. Kg3 g5 44. Kf3 Rb3+ 45. Ke4 a3
46. Kf5 h4 47. Kg6 Kf8 48. Kf6 Ke8 49. Ke6 Kd8 50. Kd6 Kc8 51. Kc6 Kb8 52. Rg7
a2 53. Rg8+ Ka7 54. Rg7+ Ka6 55. Rg8 Ka5 56. Ra8+ Kb4 57. Rxa2 h3 58. Kd5 g4
59. Ke4 g3 60. Kd4 h2 61. Ra1 g2 62. Ra8 g1=Q+ 63. Kd5 h1=Q+ 0-1

[Event "7th Floripa Open 2021"]
[Site "Florianopolis BRA"]
[Date "2021.01.19"]
[Round "3.8"]
[White "Maiberg, Wellington Gubiani"]
[Black "Oliveira, Si"]
[Result "0-1"]
[WhiteElo "1953"]
[BlackElo "2317"]
[PlyCount "52"]
[EventDate "2021.01.18"]
[EventType "swiss"]
[EventRounds "10"]
[EventCountry "BRA"]
[SourceTitle "The Week in Chess 1368"]
[Source "Mark Crowther"]
[SourceDate "2021.01.25"]
[SourceVersion "2"]
[SourceVersionDate "2021.01.26"]
[SourceQuality "2"]

1. e4 c5 2. Nf3 d6 3. d4 cxd4 4. Nxd4 Nf6 5. Nc3 Nc6 6. Be2 e5 7. Nb3 Be7 8.
O-O O-O 9. f4 a5 10. a4 Nb4 11. Bf3 Be6 12. Qe2 Nxc2 13. Qxc2 Qb6+ 14. Kh1 Bxb3
15. Qe2 exf4 16. Bxf4 Nd7 17. Qb5 Rad8 18. Rfe1 Qxb5 19. axb5 Nc5 20. Nd5 Bxd5
21. exd5 Bf6 22. Rxa5 Nd3 23. Re4 Nf2+ 24. Kg1 Nxe4 25. Bxe4 Rfe8 26. Bf3 Bxb2
0-1

[Event "PNWCC Super G60 Jan Gp2"]
[Site "chess.com INT"]
[Date "2021.01.17"]
[Round "5.28"]
[White "Tay, Brian"]
[Black "Tang, Austin"]
[Result "1/2-1/2"]
[WhiteElo "1796"]
[BlackElo "1509"]
[PlyCount "53"]
[EventDate "2021.01.16"]
[EventType "swiss"]
[EventRounds "6"]
[SourceTitle "The Week in Chess 1367"]
[Source "Mark Crowther"]
[SourceDate "2021.01.18"]
[SourceVersion "1"]
[SourceVersionDate "2021.01.18"]
[SourceQuality "2"]

1. e4 c5 2. Nf3 d6 3. d4 cxd4 4. Nxd4 Nf6 5. Nc3 Nc6 6. Be2 e5 7. Nf3 Be7 8.
Bg5 O-O 9. O-O Be6 10. Bxf6 Bxf6 11. Nd5 Bxd5 12. Qxd5 Qc7 13. c3 Rfd8 14. Rad1
Ne7 15. Qc4 Qb6 16. Qb3 Qxb3 17. axb3 d5 18. exd5 Nxd5 19. Nd2 Nf4 20. Bf3 Rab8
21. Nc4 b5 22. Ne3 Rxd1 23. Rxd1 Rd8 24. Nd5 Nxd5 25. Rxd5 Rxd5 26. Bxd5 Bg5
27. Bc6 1/2-1/2

[Event "Euro Online Blitz Quali"]
[Site "Tornelo INT"]
[Date "2020.12.18"]
[Round "7.128"]
[White "Dworakowska, J."]
[Black "Goraj, Barbara"]
[Result "0-1"]
[WhiteElo "2322"]
[BlackElo "2078"]
[PlyCount "74"]
[EventDate "2020.12.18"]
[EventType "blitz"]
[SourceTitle "The Week in Chess 1363"]
[Source "Mark Crowther"]
[SourceDate "2020.12.21"]
[SourceVersion "1"]
[SourceVersionDate "2020.12.21"]
[SourceQuality "2"]

1. e4 c5 2. Nf3 Nc6 3. d4 cxd4 4. Nxd4 Nf6 5. Nc3 d6 6. Be2 e5 7. Nb3 Be7 8.
O-O O-O 9. Re1 a5 10. Bf3 a4 11. Nd2 Be6 12. Nf1 Nd4 13. Ne3 Qa5 14. a3 b5 15.
Bd2 Qb6 16. g3 Nxf3+ 17. Qxf3 Rac8 18. Rad1 Rfe8 19. h4 b4 20. axb4 Qxb4 21.
Ncd5 Qxb2 22. Nxe7+ Rxe7 23. Bc1 Qb4 24. Nf5 Bxf5 25. Qxf5 Rxc2 26. Re3 Qb6 27.
Ba3 Rc6 28. Red3 Ne8 29. h5 g6 30. hxg6 hxg6 31. Qg5 Rd7 32. Qg4 Rdc7 33. Kg2
Rc2 34. Rf1 R7c3 35. Qf3 Rxd3 36. Qxd3 Qb3 37. Re1 Qxd3 0-1